00293nam a2200121Ia 4500008004100000082001800041100001900059245003300078250000900111260002700120300000800147650001600155191201s2009 xx 000 0 und d a621.3827bSEO aSENIOR, John M 0aOptical Fiber Communications aImp. aN.DelhibPearsonc2009 a921 aB.Tech(ECE)